| 000 | 00654nam a2200229 a 4500 | ||
|---|---|---|---|
| 001 | 69401 | ||
| 003 | BD-RjUL | ||
| 005 | 20211209081901.0 | ||
| 008 | 170411s1988 ii ||||| |||| 001 0 eng d | ||
| 020 | _a8120402650 | ||
| 035 | _a(BD-RjUL)69612 | ||
| 040 |
_aBD-RjUL _beng _cBD-RjUL |
||
| 041 | _aeng | ||
| 082 |
_223 _a665.824 _bBIO 1988 |
||
| 245 | 1 | 0 |
_aBiological nitrogen fixation : _brecent developments / _cN. S. Subba Rao |
| 260 |
_aNew Delhi : _bOxford & IBH Pub. Co., _c©1988. |
||
| 300 |
_axi, 337 p. : _bill. ; _c25 cm. |
||
| 500 | _aIncludes index | ||
| 650 |
_aNitrogen _9159055 |
||
| 700 |
_aSubba Rao, N. S. _9205592 |
||
| 942 |
_2ddc _cBK |
||
| 999 |
_c69401 _d69401 |
||